| 000 | 01229nam a22002897i 4500 | ||
|---|---|---|---|
| 999 |
_c23283 _d23283 |
||
| 003 | AR-CdUCM | ||
| 008 | 250425b20182018 pe||||| |||| 00| 0 spa d | ||
| 040 |
_aMUNICIPALIDAD PROVINCIAL DEL CUSCO _cBIBLIOTECA MUNICIPAL DEL CUSCO |
||
| 041 | _hspa | ||
| 082 |
_aEP / 370 / O47 _bO47 |
||
| 100 |
_aOllachica Mendoza, Carmen Rosa _951154 |
||
| 245 |
_aLa Sabiduría de la Naturaleza : _bSeñas y secretos de un mundo vivo / |
||
| 260 |
_aCusco : _bCEPROSI - Centro de Promoción de Sabidurías Interculturales _c2018 |
||
| 300 |
_a85 páginas. : _bIlustraciones _c30x21 cm. |
||
| 505 | _aSeñas de la naturaleza -- Señas biológicas -- Señas de plantas -- Señas de animales -- Señas de fenómenos meteorológicos y astros -- Secretos para la crianza de la chacra | ||
| 650 |
_aSeñas de plantas _951155 |
||
| 650 |
_aSeñas de animales _951156 |
||
| 650 |
_aSala infantes _951157 |
||
| 700 |
_aLayme Narváez, Brígida _951158 |
||
| 700 |
_aHuarca Vargas, Petronila _951159 |
||
| 700 |
_aSoto Meza, Justina _951160 |
||
| 700 |
_aPaucar Tayro, Berna Lucia _951161 |
||
| 700 |
_aCondori Velásquez, Teófila _951162 |
||
| 700 |
_aMontufar Yépez Nancy Zunilda _951163 |
||
| 942 |
_2ddc _cLIBROS |
||
| 945 |
_apbjr _d25-04-2025 |
||